| 000 | 00923nam a22002177a 4500 | ||
|---|---|---|---|
| 005 | 20240924154935.0 | ||
| 010 | _aB-760101 | ||
| 020 |
_c325.00 _a9789392422331 |
||
| 035 | _aB-760101 | ||
| 037 | _bउपहार | ||
| 082 | _aक | ||
| 100 |
_aगोयल,शशि _971924 |
||
| 245 |
_aहरी आँखेंः _bबालकथा -संग्रह/ _cशशि गोयल |
||
| 260 |
_aनई दिल्ली _bकेशव बुक्स _c2020 |
||
| 270 |
_aएफ-7, गली नं.1,तृतीय तल,पंचशील गार्डन, _bनई दिल्ली _e110032 |
||
| 300 |
_a85पृ. _c22सेमी. (अजिल्द) |
||
| 650 |
_aलघु कथा साहित्य _971925 |
||
| 650 |
_aShort Stories, Hindi _971926 |
||
| 942 |
_2ddc _cCH _mगोयल _hक |
||
| 999 |
_c204331 _d204331 |
||